Разномыслие в СССР: 1940-1960-е годы. История, теория и практика

Podrobná bibliografie
Hlavní autor: Фирсов Б. М. Борис Максимович
Korporativní autor: Европейский университет в Санкт-Петербурге (ЕУСПб)
Shrnutí:В книге предпринята попытка показать, что не только в условиях «глобального потепления» в хрущёвскую эпоху, но и в условиях «вечной мерзлоты», отличавшей последние годы сталинского правления, советские люди искали и находили способы оставаться самими собой, сопротивляясь принудительному погружению в удушливую атмосферу навязываемого единодушия. Вводя в оборот термин «разномыслие», автор исследует многолетний опыт подспудного и глубинного сохранения советским человеком себя как личности в толпе. Работа опирается на малоизвестные, в том числе архивные, материалы. Впервые публикуется стенограмма передачи Ленинградской студии телевидения «Литературный вторник», прошедшей в эфир 4 января 1966 г., минуя контроль цензуры. Для социологов, историков, политологов, преподавателей и студентов обществоведческих факультетов.
Jazyk:ruština
Vydáno: СПб., Европейский дом, 2008
Témata:
Médium: MixedMaterials Kniha
KOHA link:https://koha.lib.tpu.ru/cgi-bin/koha/opac-detail.pl?biblionumber=153066

MARC

LEADER 00000nam0a2200000 4500
001 153066
005 20231101221651.0
010 |a 9785801502243 
010 |a 978-5-94380-070-2 
035 |a (RuTPU)RU\TPU\book\166061 
090 |a 153066 
100 |a 20090209d2008 km y0rusy50 ca 
101 0 |a rus 
102 |a RU 
105 |a y z 001zy 
200 1 |a Разномыслие в СССР: 1940-1960-е годы. История, теория и практика  |f Б. М. Фирсов 
210 |a СПб.  |c Европейский дом  |c Изд-во Европейского ун-та  |d 2008 
215 |a 544 с. 
320 |a Библиогр.: с. 507-519. 
320 |a Именной указатель: с. 522-535. 
320 |a Список сокращений: с. 536-539. 
330 |a В книге предпринята попытка показать, что не только в условиях «глобального потепления» в хрущёвскую эпоху, но и в условиях «вечной мерзлоты», отличавшей последние годы сталинского правления, советские люди искали и находили способы оставаться самими собой, сопротивляясь принудительному погружению в удушливую атмосферу навязываемого единодушия. Вводя в оборот термин «разномыслие», автор исследует многолетний опыт подспудного и глубинного сохранения советским человеком себя как личности в толпе. Работа опирается на малоизвестные, в том числе архивные, материалы. Впервые публикуется стенограмма передачи Ленинградской студии телевидения «Литературный вторник», прошедшей в эфир 4 января 1966 г., минуя контроль цензуры. Для социологов, историков, политологов, преподавателей и студентов обществоведческих факультетов. 
606 1 |a Социальное познание  |2 stltpush  |3 (RuTPU)RU\TPU\subj\37878  |9 58649 
610 1 |a социология 
610 1 |a социальное познание 
610 1 |a образ жизни 
610 1 |a духовное развитие 
610 1 |a СССР 
610 1 |a 20 век 
610 1 |a история 
610 1 |a общество 
610 1 |a разномыслие 
610 1 |a советский народ 
686 |a С55.56  |v LBC/SL-A  |2 rubbk 
700 1 |a Фирсов  |b Б. М.  |g Борис Максимович 
712 0 2 |a Европейский университет в Санкт-Петербурге (ЕУСПб)  |2 stltpush  |3 (RuTPU)RU\TPU\col\7446 
801 1 |a RU  |b 63413507  |c 20090209  |g PSBO 
801 2 |a RU  |b 63413507  |c 20140602  |g RCR 
942 |c BK 
959 |a 18/20090203  |d 1  |e 350,00  |f ЧЗГЛ:1